Notes on industrial economics and managements / (Record no. 2133)
[ view plain ]
| 000 -LEADER | |
|---|---|
| fixed length control field | 00449cam a2200181ua 4500 |
| 041 ## - LANGUAGE CODE | |
| Language code of text/sound track or separate title | eng |
| 082 ## - DEWEY DECIMAL CLASSIFICATION NUMBER | |
| Classification number | 338 |
| Item number | BOS/NO |
| 100 ## - MAIN ENTRY--AUTHOR NAME | |
| Personal name | Bose, H.N . |
| 245 ## - TITLE STATEMENT | |
| Title | Notes on industrial economics and managements / |
| 250 ## - EDITION STATEMENT | |
| Edition statement | 1 / |
| 260 ## - PUBLICATION, DISTRIBUTION, ETC. (IMPRINT) | |
| Place of publication | Bhagalpur : |
| Name of publisher | Uramic publishing home , |
| Year of publication | 1954. |
| 300 ## - PHYSICAL DESCRIPTION | |
| Number of Pages | 183 ; . |
| 942 ## - ADDED ENTRY ELEMENTS (KOHA) | |
| Koha item type | Books |
| Withdrawn status | Lost status | Damaged status | Home library | Current library | Date acquired | Full call number | Accession Number | Koha item type |
|---|---|---|---|---|---|---|---|---|
| Withdrawn | KAUAET | Sanskrit University | 07/04/2012 | 338 | 9580 | Books |
